• 首页
  • 本馆介绍
  • 公告通知
  • 最新文献
  • 馆藏检索
  • 电子资源
  • 读者导购
  • 参考咨询
  • 我的图书馆
  • 登录
  • 详细信息显示
  • 放入我的书架
  • 预约/预借图书
  • 作者相关作品
  • 分类相关作品
  • 丛书相关作品
  • 出版社相关作品

书目信息

  • 表格格式
  • 工作单格式
  • 卡片格式
题名:
环境管理与影响评价
    
 
作者: 奥托兰诺 著 ;郭怀成 , 梅凤乔 译
分册:  
出版信息: 北京   化学工业出版社  2004
页数: 560页
开本: 26cm
丛书名: 国外名校名著
单 册:
中图分类: X32 , X820.3
科图分类:
主题词: 环境管理--研究 , 环境影响--评价 , 环境管理 , 环境影响
电子资源:
ISBN: 7-5025-4946-3
000 01359oam2 2200361 450
001 002610930
005 20070720112050.68
010    @a7-5025-4946-3@dCNY58.00
100    @a20021223d2004 em y0chiy0110 ea
101 1  @achi@ceng
102    @aCN@b110000
105    @ay z 001yy
106    @ar
200 1  @a环境管理与影响评价@Ahuan jing guan li yu ying xiang ping jia@f(美)伦纳德·奥托兰诺(Leonard Ortolano)著@F( mei ) lun na de· ao tuo lan nuo (Leonard Ortolano) zhu@g郭怀成,梅凤乔译@Gguo huai cheng, mei feng qiao yi
210    @a北京@c化学工业出版社@d2004
215    @a560页@d26cm
225 2  @a国外名校名著@Aguo wai ming xiao ming zhu
305    @aJohn Wiley & Sons出版公司授权出版
308    @a封底题:国外名校名著译著版系列
330    @a本书介绍了包括命令控制、排污收费、排污权交易等内容的环境管理、环境决策以及环境管理政策的制定与实施等内容。
461  0 @1001002220257@12001 @a国外名校名著
510 1  @aEnvironmental Regulation and Impact Assessment@zeng
606 0  @a环境管理@x研究
606 0  @a环境影响@x评价
606 0  @a环境管理
606 0  @a环境影响
690    @aX32@v4
690    @aX820.3@v4
701  0 @c(美)@a奥托兰诺@Aao tuo lan nuo@c(Ortolano, Leonard)@4著
702  0 @a郭怀成@Aguo huai cheng@c(环境科学)@4译
702  0 @a梅凤乔@Amei feng qiao@4译
801  0 @aCN@bNLC@c20070720
905    @dX32@e88@f4
    
    环境管理与影响评价/(美)伦纳德·奥托兰诺(Leonard Ortolano)著/郭怀成,梅凤乔译.-北京:化学工业出版社,2004
    560页;26cm.-(国外名校名著)
    
    
    ISBN 7-5025-4946-3:CNY58.00
    本书介绍了包括命令控制、排污收费、排污权交易等内容的环境管理、环境决策以及环境管理政策的制定与实施等内容。
●
相关链接 在E读中查询图书 在五车中查询图书 在当当中查询图书 在豆瓣中查询图书


正题名:环境管理与影响评价     索取号:X32/88         预约/预借

序号 登录号 条形码 馆藏地/架位号 状态 备注
1 0850175   208501753   第二样本阅览室/ [索取号:X32/88] 在馆    
2 0850176   208501762   第三借阅区/ [索取号:X32/88] 在馆    
3 0850177   208501771   第三借阅区/ [索取号:X32/88] 在馆    
4 0850178   208501780   第三借阅区/ [索取号:X32/88] 在馆    
唐山师范学院图书馆 欢迎您!
大连网信软件有限公司© 版权所有